[Event "Winter Malopolska Cup Master 2022"]
[Site "Krakow"]
[Date "2022.01.16"]
[Round "4.1"]
[White "Trybus, Daniel"]
[Black "Golenia, Wojciech"]
[Result "1-0"]
[WhiteElo "2067"]
[BlackElo "2059"]
[Annotator "TA"]
[PlyCount "89"]
[EventDate "2022.01.15"]
[EventType "swiss"]
[EventCountry "POL"]
[SourceTitle "playchess.com"]
[Source "ChessBase"]
[SourceQuality "1"]

{[%evp 10,89,17,0,2,0,0,-4,8,6,19,-4,44,37,42,45,79,94,101,78,109,120,110,103,103,105,133,80,239,268,283,271,305,309,285,283,282,260,354,307,320,302,314,331,452,472,470,467,456,472,472,470,463,461,448,447,830,801,764,486,1141,972,883,872,29983,29975,29967,1133,12813,1018,29992,29993,29993,29994,29997,29995,29995,29996,29996,29997,29997,502]} 1. e4 e5 2. Nf3 Nc6 3. Bb5 a6 4. Ba4 Nf6 5. d3 d6 6. O-O b5 {C79: Ruy Lopez: Steinitz-type lines with 3...a6 4 Ba4 Nf6 5 0-0 d6.} 7. Bb3 Na5 {7...Na5 is better than 7...Be7.} 8. Nc3 {[%cal Bb1c3,Bc3d5,Bd5b4][%mdl 32]} Nxb3 {The position is equal.} 9. axb3 {[%cal Oc3b5]} Bb7 10. d4 {[#]} exd4 $146 (10... b4 $1 $11 11. Nd5 Nxe4 12. Nxb4 Be7) ({Predecessor:} 10... b4 11. Nd5 Nxe4 12. Nxb4 exd4 13. Nxd4 d5 14. Ndc6 Qd6 15. Qxd5 Qxd5 16. Nxd5 Bd6 {½-½ (43) Barwinska,E (1887)-Posluszny,T (2048) Krakow 2021}) 11. Nxd4 $14 b4 12. Nd5 $36 {[%mdl 2048] White is more active.} Nxe4 13. Nf5 c6 14. Nxb4 {Strongly threatening Qg4. Pair of Knights!} d5 {[#]} 15. f3 $1 Nc5 (15... Ng5 16. Qe1+) 16. Re1+ Ne6 17. Nd3 {White is much more active.} Qf6 {[#]} 18. Re5 (18. Ng3 $142 $1) 18... g6 $2 {This costs Black the game.} (18... O-O-O $16 {is a better defense.}) 19. Nd4 $1 $18 {And now Qe1 would win.} h6 20. Qe2 {[%cal Rd4e6]} Kd7 (20... Bd6 $2 21. Nxe6 Bxe5 22. Nec5 $18 (22. Qxe5 Qxe5 23. Nxe5 fxe6 $11) (22. Nc7+ Kd7 $16)) 21. Nxe6 fxe6 22. Be3 {[%cal Bc1e3,Be3d4,Bd4f2][%mdl 32]} Bd6 23. Bd4 {[%cal Oe5d5] Hoping for Rxd5!} Qh4 24. Bf2 {Dancing on a razor blade.} Qe7 25. Re1 {[%cal Re5e6]} Rhe8 26. b4 Bxb4 27. Nxb4 Qxb4 28. Rxe6 {c3 would kill now.} Qxe1+ 29. Qxe1 Rxe6 30. Qb4 Bc8 31. Bc5 {Threatens to win with Qf4.} g5 {To avoid Qf4} 32. h4 Ke8 (32... a5 $142 33. Qd4 Kc7 34. Bb6+ Kb7 35. hxg5 hxg5) 33. hxg5 hxg5 34. f4 g4 (34... a5 $142 35. Qd4 gxf4 36. Qxf4 Ra6 37. Qf8+ Kd7 38. Qf7+ Kd8) 35. f5 Re4 36. Qc3 {Threatening mate with Qh8+.} Kd8 37. Qf6+ Kc7 38. Qd6+ Kb7 39. f6 (39. Qd8 $142 Bxf5 40. Qb6+ Kc8 41. Qxc6+ Kd8 42. Qxa8+ Kc7 43. Qxd5 Re1+ 44. Kf2) 39... Re6 40. Qd8 {[%csl Gc5][%cal Rd8b6] White mates.} Kb8 41. f7 g3 42. f8=Q {[%csl Gf8][%cal Rd8c8]} Re1+ 43. Qf1 Rxf1+ 44. Kxf1 a5 45. Qb6+ {Weighted Error Value: White=0.19 (very precise) /Black=0.61} 1-0

[Event "Winter Malopolska Cup Master 2022"]
[Site "Krakow"]
[Date "2022.01.16"]
[Round "4.2"]
[White "Saraev, Yaroslav"]
[Black "Pniaczek, Marek"]
[Result "1/2-1/2"]
[WhiteElo "1922"]
[BlackElo "2329"]
[Annotator "TA"]
[PlyCount "62"]
[EventDate "2022.01.15"]
[EventType "swiss"]
[EventCountry "POL"]
[SourceTitle "playchess.com"]
[Source "ChessBase"]
[SourceQuality "1"]

{[%evp 13,62,-3,0,4,-2,1,0,-8,-17,0,0,-21,-27,-25,-25,-32,-5,-39,-32,-28,-29,-24,-41,-101,-56,-85,-26,-31,-22,-50,-4,-6,-4,-20,-19,-21,-19,-18,-15,-20,8,8,8,8,9,8,8,7,18,16,33]} 1. d4 Nf6 2. c4 e6 3. g3 c5 4. Nf3 cxd4 5. Nxd4 d5 6. Bg2 e5 7. Nc2 d4 $1 ({Don't take} 7... dxc4 8. Qxd8+ Kxd8 9. Nba3 $16) 8. f4 {E01: Catalan: Early deviations.} Nc6 {[%cal Bb8c6,Bc6e5,Be5c4][%mdl 32]} 9. fxe5 Nxe5 10. Qxd4 Qxd4 11. Nxd4 Nxc4 12. b3 Bb4+ 13. Kf1 $1 Nd6 $36 {[%mdl 2048] [#] Black has the initiative.} 14. Nc2 $146 ({Predecessor:} 14. Ba3 a5 15. Bxb4 axb4 16. Nd2 h5 17. Nc2 h4 18. Nxb4 Nf5 19. Nc2 Ra5 20. b4 {0-1 (27) Duran Vega,S (2224)-Kurmann,O (2423) Tromsoe 2014}) 14... Bc5 15. Ba3 Bxa3 16. Nbxa3 Bg4 17. Rd1 O-O-O 18. h3 {[#]} (18. Bf3 $15) 18... Bh5 ({Black should try} 18... Nde4 $1 $17 19. Rxd8+ Rxd8 20. Bxe4 Nxe4 21. hxg4 Nxg3+ 22. Kg2 Nxh1 23. Kxh1 Rd2) 19. Bf3 {[#]} Bg6 ({Black should play} 19... Nfe4 $1 $17 {White must now prevent ...Bxf3.} 20. Kg2 Bxf3+ 21. Kxf3 (21. exf3 Nc3 $17) 21... Rhe8) 20. Kg2 $11 Rhe8 21. Nd4 Nfe4 (21... a6 $15) 22. h4 {The position is equal.} h5 23. Rc1+ Kb8 24. Rhd1 a6 25. Nc4 Nxc4 26. Rxc4 f6 {[#]} 27. Nc6+ $1 bxc6 28. Rxd8+ Rxd8 29. Bxe4 Bxe4+ 30. Rxe4 Kc7 31. Kf3 Rd7 {Prevents Re7.  Weighted Error Value: White=0.09 (flawless) /Black=0.11 (very precise)} 1/2-1/2

[Event "Winter Malopolska Cup Master 2022"]
[Site "Krakow"]
[Date "2022.01.16"]
[Round "4.3"]
[White "Kyc, Jerzy"]
[Black "Szopa, Emilia"]
[Result "1-0"]
[WhiteElo "2250"]
[BlackElo "1588"]
[Annotator "TA"]
[PlyCount "95"]
[EventDate "2022.01.15"]
[EventType "swiss"]
[EventCountry "POL"]
[SourceTitle "playchess.com"]
[Source "ChessBase"]
[SourceQuality "1"]

{[%evp 20,95,-37,-30,-37,-41,-29,-39,-46,-39,-40,-75,-63,-67,-60,-85,-68,-72,-72,-72,-56,-69,-64,-75,-71,-111,-97,-93,-93,-141,-133,-120,-89,-125,-135,-133,-114,-111,-127,-173,-87,-146,0,0,0,0,0,0,16,0,0,0,0,0,0,0,49,0,0,0,10,0,144,90,108,115,221,221,29979,29980,29980,29981,29981,29982,29982,29983,29983,29984]} 1. e4 c6 2. d4 d5 3. exd5 cxd5 4. c4 g6 5. Nc3 Nf6 6. Qb3 Bg7 7. cxd5 O-O 8. Nf3 Nbd7 9. Bf4 Nb6 10. Bc4 Bf5 11. O-O Rc8 {B14: Caro-Kann: Panov-Botvinnik Attack with 5...e6 and 5...g6.} 12. Be2 {[%cal Od5d6] [#]} Nbxd5 $146 ({Predecessor:} 12... Nfxd5 13. Bg3 Be6 14. Qa3 Nxc3 15. bxc3 Bd5 16. Rfe1 Re8 17. Bb5 {½-½ (17) Albrecht,H (2263)-Wippermann,T (2446) Schwaebisch Gmuend 2006}) 13. Be5 Nxc3 {Black is slightly better.} 14. bxc3 {[%cal Bb2c3,Bc3c4,Bc4d5][%mdl 32]} Nd5 15. c4 Bxe5 16. cxd5 Bb8 {This bishop pair is nice.} 17. Rac1 Qd6 18. Qxb7 Rxc1 19. Rxc1 Be4 {aiming for ...Bxf3.} 20. g3 Bxd5 21. Qb2 Qe6 22. a4 Bd6 (22... Qh3 23. Ne1 $15 (23. Bf1 Qd7 $15)) 23. Ne5 Rb8 ({But not} 23... Qh3 $6 24. Bf1 Qe6 25. Bc4 $15) 24. Qa1 (24. Qd2 $142) 24... Rb4 ({Stronger than} 24... Qh3 25. Bf3 Bxe5 26. Bxd5 $17) 25. Bg4 f5 26. Bf3 Bxf3 $1 27. Nxf3 {[%cal Od4d5]} Qd5 $1 28. Rc3 Kg7 29. h4 (29. h3 $17) 29... Qe4 (29... f4 $19 30. g4 Qb7) 30. Kg2 {[#]} (30. Qa2 $142) 30... Qb1 (30... f4 $1 $17 {[%cal Rf4g3] White must now prevent ...fxg3.} 31. g4 Qe6) 31. Qxb1 $11 Rxb1 {[%mdl 4096] Endgame KRB-KRN} 32. Rc6 Rb4 33. Ra6 Bb8 34. Ne5 Rb6 (34... Rxd4 $2 35. Nc6 Rd7 36. Nxb8 $18) 35. Ra5 Bxe5 36. dxe5 {KR-KR} a6 37. Rc5 Kf7 (37... Rb4 $11 {was preferrable.}) 38. f4 (38. a5 $1 $14 {feels stronger.} Rb2 39. Rc6) 38... Ke8 39. Rc8+ Kd7 40. Ra8 Kc6 {[#]} (40... Ke6 $11) 41. Ra7 $1 $16 Rb7 42. Rxa6+ Kc5 (42... Kd5 $16) 43. h5 $18 Rb6 $2 (43... Kd5 $18 44. hxg6 hxg6) 44. Rxb6 {White mates.} Kxb6 45. hxg6 hxg6 46. Kh3 Ka5 47. Kh4 Kxa4 48. Kg5 {Weighted Error Value: White=0.11 (very precise) /Black=0.39} 1-0

[Event "Winter Malopolska Cup Master 2022"]
[Site "Krakow"]
[Date "2022.01.16"]
[Round "4.4"]
[White "Czaplak, Lukasz"]
[Black "Mirski, Michal"]
[Result "0-1"]
[WhiteElo "1877"]
[BlackElo "2039"]
[Annotator "TA"]
[PlyCount "56"]
[EventDate "2022.01.15"]
[EventType "swiss"]
[EventCountry "POL"]
[SourceTitle "playchess.com"]
[Source "ChessBase"]
[SourceQuality "1"]

{[%evp 21,56,18,22,0,0,11,8,-33,-14,-37,-33,-60,-28,-26,-31,-70,-71,-69,-68,-74,-94,-114,-125,-201,-190,-201,-198,-244,-258,-251,-267,-350,-344,-911,-906,-2525,-1779]} 1. d4 f5 2. Nf3 Nf6 3. g3 d6 4. Bg2 g6 5. O-O Bg7 6. c4 O-O 7. Qc2 Nc6 8. Rd1 e6 9. Nc3 Qe7 10. d5 Ne5 11. Nxe5 dxe5 12. dxe6 {[#] Hoping for Nd5. A89: Dutch Defence: Leningrad System: 5 Nf3 0-0 6 0-0 d6 7 Nc3 Nc6.} c6 {[#] Prevents Nd5.} 13. e4 $146 ({Predecessor:} 13. b3 Bxe6 14. a4 Qc7 15. Ba3 Rfd8 16. Rxd8+ Rxd8 17. Rd1 e4 18. Rxd8+ Qxd8 19. Nd1 Ng4 {1-0 (64) Kucumenler,T-Theocharides,C Siofok 1996}) 13... Bxe6 {[%cal Of5f4]} 14. Bg5 {Inhibits f4.} (14. exf5 $11 {was preferrable.} gxf5 15. b3 (15. Bg5 h6 $11)) 14... h6 (14... f4 {seems wilder.} 15. gxf4 h6 16. f5 hxg5 17. fxe6 Qxe6 18. c5 Rad8) 15. Bxf6 (15. exf5 $5 gxf5 16. Bd2 $11) 15... Qxf6 16. Rd6 {[%cal Oc3d5]} Rfd8 (16... Qe7 {with more complications.} 17. Rad1 f4 18. Na4 Rf6 19. f3 Bf8) 17. Rxd8+ Rxd8 18. b3 f4 {Black is more active.} 19. Rd1 Bf8 20. Rxd8 Qxd8 21. gxf4 exf4 22. e5 (22. Ne2 $17 {keeps fighting.}) 22... Bf5 $19 23. Qe2 Qd4 24. Nd1 (24. Ne4 {is a better defense.}) 24... Kf7 25. Bf3 h5 {Prevents Bg4.} 26. Kg2 Ke6 27. Bxh5 $2 {[#]} (27. Kg1) 27... gxh5 28. Qxh5 f3+ {Weighted Error Value: White=0.65/Black=0.03 (flawless)} 0-1

[Event "Winter Malopolska Cup Master 2022"]
[Site "Krakow"]
[Date "2022.01.16"]
[Round "4.5"]
[White "Tokarz, Izabela"]
[Black "Klementys, Jerzy"]
[Result "1-0"]
[WhiteElo "1728"]
[BlackElo "1564"]
[Annotator "NA RC"]
[PlyCount "83"]
[EventDate "2022.01.15"]
[EventType "swiss"]
[EventCountry "POL"]
[SourceTitle "playchess.com"]
[Source "ChessBase"]
[SourceQuality "1"]
[TimeControl "5400+30"]

1. d4 {[%emt 0:00:01]} Nf6 {[%emt 0:00:08]} 2. c4 {[%emt 0:00:02]} g6 {[%emt 0:00:06]} 3. Nc3 {[%emt 0:00:04]} d5 {[%emt 0:00:06]} 4. cxd5 {[%emt 0:00:05]} Nxd5 {[%emt 0:00:02]} 5. e4 {[%emt 0:00:06]} Nxc3 {[%emt 0:00:07]} 6. bxc3 {[%emt 0:00:04]} Bg7 {[%emt 0:00:08]} 7. Bc4 {[%emt 0:00:19]} c5 {[%emt 0:00:32]} 8. Ne2 {[%emt 0:00:31]} O-O {[%emt 0:00:03]} 9. O-O {[%emt 0:00:09]} cxd4 {[%emt 0:01:00]} 10. cxd4 {[%emt 0:00:05]} Nc6 {[%emt 0:00:10]} 11. Be3 {[%emt 0:00:05]} Bg4 {[%emt 0:01:33]} 12. f3 {[%emt 0:00:04]} Bd7 {[%emt 0:00:10]} 13. Rb1 {[%emt 0:11:47]} b6 {[%emt 0:03:19]} 14. h3 {[%emt 0:09:26]} e6 {[%emt 0:01:28]} 15. e5 {[%emt 0:05:01]} h6 {[%emt 0:08:16]} 16. Qd2 {[%emt 0:07:38]} Kh7 {[%emt 0:00:25]} 17. Nc3 {[%emt 0:03:40]} Ne7 {[%emt 0:02:05]} 18. Bf2 {[%emt 0:05:06]} Bc6 {[%emt 0:01:25]} 19. Rbd1 {[%emt 0:04:20]} Rc8 {[%emt 0:05:30]} 20. Bb3 {[%emt 0:01:08]} Qc7 {[%emt 0:03:22]} 21. Ne4 {[%emt 0:01:55]} Rcd8 {[%emt 0:05:28]} 22. Qf4 {[%emt 0:03:02]} Nd5 {[%emt 0:09:47]} 23. Bxd5 {[%emt 0:01:24]} Bxd5 {[%emt 0:00:24]} 24. Rc1 {[%emt 0:01:34]} Qb8 {[%emt 0:03:27]} 25. Bh4 {[%emt 0:11:49]} Rd7 {[%emt 0:03:39]} 26. Nf6+ {[%emt 0:03:40]} Bxf6 {[%emt 0:00:30]} 27. Bxf6 {[%emt 0:00:05]} Bxa2 {[%emt 0:02:06]} 28. Qh4 {[%emt 0:00:41]} Rc8 {[%emt 0:01:34]} 29. Bg5 {[%emt 0:00:44]} h5 {[%emt 0:00:07]} 30. Qf2 {[%emt 0:05:24]} Bc4 {[%emt 0:02:16]} 31. Rfd1 {[%emt 0:00:14]} Rdc7 {[%emt 0:03:25]} 32. g4 {[%emt 0:00:41]} Bb3 {[%emt 0:01:49]} 33. Rxc7 {[%emt 0:00:54]} Qxc7 {[%emt 0:00:29]} 34. Re1 {[%emt 0:05:16]} Qc3 {[%emt 0:05:50]} 35. gxh5 {[%emt 0:01:21]} gxh5 {[%emt 0:00:07]} 36. Qh4 {[%emt 0:02:08]} Qxf3 {[%emt 0:04:25]} 37. Rf1 {[%emt 0:00:13]} Qe2 {[%emt 0:01:19]} 38. Rxf7+ {[%emt 0:01:11]} Kg8 {[%emt 0:00:49]} 39. Rf2 {[%emt 0:01:59]} Qe1+ {[%emt 0:00:52]} 40. Kh2 {[%emt 0:00:19]} Qxf2+ {[%emt 0:05:43]} 41. Qxf2 {[%emt 0:00:11]} Rc2 {[%emt 0:00:07]} 42. Bd2 {[%emt 0:00:02]} 1-0

[Event "Winter Malopolska Cup Master 2022"]
[Site "Krakow"]
[Date "2022.01.16"]
[Round "4.6"]
[White "Nowak, Maciej"]
[Black "Wilk, Igor"]
[Result "1-0"]
[WhiteElo "2005"]
[BlackElo "1768"]
[Annotator "TA"]
[PlyCount "43"]
[EventDate "2022.01.15"]
[EventType "swiss"]
[EventCountry "POL"]
[SourceTitle "playchess.com"]
[Source "ChessBase"]
[SourceQuality "1"]

{[%evp 22,43,0,0,106,98,97,93,176,160,224,186,416,402,579,461,451,420,1291,1259,2427,2252,29998,29999]} 1. d4 Nf6 2. c4 e6 3. Nc3 Bb4 4. f3 d5 5. a3 Bxc3+ 6. bxc3 b6 7. cxd5 exd5 8. e3 O-O 9. Bd3 c5 10. Ne2 Re8 11. O-O Nc6 12. Ng3 c4 {E49: Nimzo-Indian: Rubinstein: 5 Bd3 d5 6 a3 Bxc3+ 7 bxc3.} (12... Bb7 $11 {remains equal.}) 13. Bb1 $16 Na5 14. Ra2 {[%cal Ba1a2,Ba2e2,Be2f2][%mdl 32]} Bb7 (14... Nb3 $16) 15. Re2 $18 {[#]} b5 $146 (15... Nb3 $16) ({Predecessor:} 15... Qd7 16. e4 dxe4 17. fxe4 Nb3 18. Bg5 Qe6 19. Bxf6 gxf6 20. Ref2 Rad8 21. Rxf6 Qe7 {½-½ (33) Akmalnaidi,A (2144)-Rismanto,R (2093) Jakarta 2018}) 16. e4 dxe4 $2 (16... Nd7 {was necessary.} 17. Nf5 Re6) 17. fxe4 {[%cal Bf3e4,Be4e5][%mdl 32] [#] aiming for Bg5.} Bc8 (17... Ng4 {is a better defense.} 18. h3 Nf6) 18. Qc2 Nd7 19. Ref2 {e5 is the strong threat.} ({Don't take} 19. e5 Nf8 20. Ref2 Be6 $18) 19... Qe7 (19... Nf8 $142 20. Rxf7 Be6) 20. Nf5 Qf8 21. e5 {[%cal Of5h6] Nh6+! would kill now.} f6 {[#]} 22. Nh6+ $1 {[%mdl 512] White took control after the opening.  Weighted Error Value: White=0.14 (very precise) /Black=1.45} 1-0

[Event "Winter Malopolska Cup Master 2022"]
[Site "Krakow"]
[Date "2022.01.16"]
[Round "4.7"]
[White "Kania, Franciszek"]
[Black "Owoc, Jakub"]
[Result "0-1"]
[WhiteElo "1528"]
[BlackElo "1701"]
[Annotator "NA RC"]
[PlyCount "88"]
[EventDate "2022.01.15"]
[EventType "swiss"]
[EventCountry "POL"]
[SourceTitle "playchess.com"]
[Source "ChessBase"]
[SourceQuality "1"]
[TimeControl "5400+30"]

1. e4 {[%emt 0:00:01]} c6 {[%emt 0:00:15]} 2. d4 {[%emt 0:00:23]} d5 {[%emt 0:00:14]} 3. Nc3 {[%emt 0:00:14]} dxe4 {[%emt 0:00:14]} 4. Nxe4 {[%emt 0:00:14]} Bf5 {[%emt 0:00:08]} 5. Ng3 {[%emt 0:00:26]} Bg6 {[%emt 0:00:10]} 6. Nf3 {[%emt 0:00:23]} Nd7 {[%emt 0:00:09]} 7. h4 {[%emt 0:00:07]} h6 {[%emt 0:00:11]} 8. h5 {[%emt 0:00:05]} Bh7 {[%emt 0:00:09]} 9. Bd3 {[%emt 0:00:12]} Bxd3 {[%emt 0:00:06]} 10. Qxd3 {[%emt 0:00:10]} e6 {[%emt 0:00:50]} 11. Bd2 {[%emt 0:01:56]} Ngf6 {[%emt 0:00:15]} 12. O-O-O {[%emt 0:00:13]} Qc7 {[%emt 0:00:14]} 13. Kb1 {[%emt 0:00:58]} Bd6 {[%emt 0:00:19]} 14. Ne4 {[%emt 0:00:09]} Nxe4 {[%emt 0:00:07]} 15. Qxe4 {[%emt 0:00:06]} Nf6 {[%emt 0:00:08]} 16. Qe2 {[%emt 0:00:50]} O-O-O {[%emt 0:00:09]} 17. c4 {[%emt 0:01:05]} c5 {[%emt 0:00:43]} 18. Bc3 {[%emt 0:01:20]} cxd4 {[%emt 0:02:26]} 19. Bxd4 {[%emt 0:03:15]} Kb8 {[%emt 0:00:11]} 20. Ne5 {[%emt 0:01:57]} Rhf8 {[%emt 0:09:39]} 21. Qe3 {[%emt 0:04:41]} b6 {[%emt 0:07:10]} 22. Rhe1 {[%emt 0:02:55]} Rc8 {[%emt 0:07:46]} 23. g4 {[%emt 0:05:32]} Rfe8 {[%emt 0:04:34]} 24. g5 {[%emt 0:04:18]} Ng8 {[%emt 0:00:11]} 25. Qb3 {[%emt 0:07:27]} f6 {[%emt 0:14:51]} 26. gxf6 {[%emt 0:11:34]} gxf6 {[%emt 0:00:10]} 27. Ng4 {[%emt 0:01:26]} e5 {[%emt 0:09:51]} 28. Be3 {[%emt 0:08:51]} Red8 {[%emt 0:00:12]} 29. Rc1 {[%emt 0:04:20]} Qf7 {[%emt 0:06:00]} 30. Red1 {[%emt 0:03:08]} f5 {[%emt 0:05:20]} 31. Rxd6 {[%emt 0:10:24]} Rxd6 {[%emt 0:00:18]} 32. Nxe5 {[%emt 0:00:10]} Qb7 {[%emt 0:01:26]} 33. Bf4 {[%emt 0:01:59]} Ka8 {[%emt 0:00:18]} 34. Re1 {[%emt 0:00:44]} Rd4 {[%emt 0:01:37]} 35. Qg3 {[%emt 0:01:27]} Nf6 {[%emt 0:01:50]} 36. Bxh6 {[%emt 0:01:52]} Nxh5 {[%emt 0:00:06]} 37. Qg6 {[%emt 0:01:02]} Re4 {[%emt 0:00:28]} 38. Nd3 {[%emt 0:02:42]} Rxe1+ {[%emt 0:00:31]} 39. Nxe1 {[%emt 0:00:05]} Qe4+ {[%emt 0:00:07]} 40. Nc2 {[%emt 0:00:20]} Rxc4 {[%emt 0:00:23]} 41. Qg8+ {[%emt 0:00:09]} Kb7 {[%emt 0:00:04]} 42. Qf7+ {[%emt 0:00:23]} Ka6 {[%emt 0:00:05]} 43. Qxh5 {[%emt 0:00:18]} Qxc2+ {[%emt 0:00:06]} 44. Ka1 {[%emt 0:00:05]} Qc1+ {[%emt 0:00:06]} 0-1

[Event "Winter Malopolska Cup Master 2022"]
[Site "Krakow"]
[Date "2022.01.17"]
[Round "5.1"]
[White "Trybus, Daniel"]
[Black "Kyc, Jerzy"]
[Result "1-0"]
[WhiteElo "2067"]
[BlackElo "2250"]
[Annotator "ChessBase"]
[PlyCount "125"]
[EventDate "2022.01.15"]
[EventType "swiss"]
[EventCountry "POL"]
[TimeControl "5400+30"]

1. e4 {[%emt 0:00:04]} c5 {[%emt 0:00:03]} 2. Nf3 {[%emt 0:00:05]} d6 {[%emt 0:00:23]} 3. d4 {[%emt 0:00:04]} cxd4 {[%emt 0:00:03]} 4. Nxd4 {[%emt 0:00:02]} Nf6 {[%emt 0:00:06]} 5. Nc3 {[%emt 0:00:01]} a6 {[%emt 0:00:10]} 6. f3 {[%emt 0:00:14]} e5 {[%emt 0:00:06]} 7. Nb3 {[%emt 0:00:02]} Be7 {[%emt 0:00:05]} 8. Be3 {[%emt 0:00:06]} Be6 {[%emt 0:00:03]} 9. Qd2 {[%emt 0:00:06]} O-O {[%emt 0:00:10]} 10. O-O-O {[%emt 0:00:55]} Nbd7 {[%emt 0:01:24]} 11. g4 {[%emt 0:01:34]} b5 {[%emt 0:02:19]} 12. g5 {[%emt 0:00:05]} b4 {[%emt 0:00:02]} 13. gxf6 {[%emt 0:00:08]} bxc3 {[%emt 0:00:01]} 14. Qxc3 {[%emt 0:00:11]} Nxf6 {[%emt 0:00:02]} 15. Na5 {[%emt 0:01:19]} Qd7 {[%emt 0:00:08]} 16. Nc6 {[%emt 0:01:24]} Rfc8 {[%emt 0:00:36]} 17. Nxe7+ {[%emt 0:00:04]} Qxe7 {[%emt 0:00:06]} 18. Qa5 {[%emt 0:00:29]} h6 {[%emt 0:16:23]} 19. b3 {[%emt 0:05:41]} Rc6 {[%emt 0:28:58]} 20. Bb5 {[%emt 0:04:24]} Rc7 {[%emt 0:15:05]} 21. Be2 {[%emt 0:00:52]} Rac8 {[%emt 0:00:34]} 22. c4 {[%emt 0:00:12]} Rc6 {[%emt 0:00:34]} 23. Kb2 {[%emt 0:05:46]} Nh5 {[%emt 0:05:18]} 24. Rd3 {[%emt 0:07:55]} f5 {[%emt 0:01:32]} 25. Qd2 {[%emt 0:06:22]} Nf6 {[%emt 0:02:37]} 26. Rd1 {[%emt 0:01:53]} Rd8 {[%emt 0:01:59]} 27. exf5 {[%emt 0:02:15]} Bxf5 {[%emt 0:01:02]} 28. Rd5 {[%emt 0:01:17]} Kh8 {[%emt 0:04:41]} 29. Bd3 {[%emt 0:03:15]} Be6 {[%emt 0:03:47]} 30. Bxh6 {[%emt 0:05:49]} Bxd5 {[%emt 0:00:32]} 31. cxd5 {[%emt 0:02:41]} Rc5 {[%emt 0:02:12]} 32. Rg1 {[%emt 0:05:22]} Rg8 {[%emt 0:01:00]} 33. Bg5 {[%emt 0:01:41]} Rgc8 {[%emt 0:06:35]} 34. Bf5 {[%emt 0:09:11]} e4 {[%emt 0:04:59]} 35. Qf4 {[%emt 0:10:50]} Nh5 {[%emt 0:00:48]} 36. Bxe7 {[%emt 0:02:50]} Nxf4 {[%emt 0:00:02]} 37. Bxc8 {[%emt 0:00:22]} Nd3+ {[%emt 0:00:53]} 38. Kb1 {[%emt 0:00:50]} Rxc8 {[%emt 0:01:16]} 39. fxe4 {[%emt 0:01:32]} Re8 {[%emt 0:00:38]} 40. Bxd6 {[%emt 0:00:12]} Rxe4 {[%emt 0:00:02]} 41. Rd1 {[%emt 0:01:42]} Nf2 {[%emt 0:00:05]} 42. Rd2 {[%emt 0:00:24]} Re1+ {[%emt 0:00:01]} 43. Kb2 {[%emt 0:01:29]} Nd1+ {[%emt 0:00:27]} 44. Ka3 {[%emt 0:01:30]} Nc3 {[%emt 0:00:43]} 45. Bg3 {[%emt 0:00:44]} Re7 {[%emt 0:01:28]} 46. Kb4 {[%emt 0:01:05]} Ne4 {[%emt 0:00:02]} 47. Re2 {[%emt 0:00:29]} Rb7+ {[%emt 0:00:02]} 48. Kc4 {[%emt 0:00:43]} Nf6 {[%emt 0:00:15]} 49. d6 {[%emt 0:00:33]} Kg8 {[%emt 0:00:02]} 50. Re7 {[%emt 0:00:41]} Rxe7 {[%emt 0:00:21]} 51. dxe7 {[%emt 0:00:17]} Kf7 {[%emt 0:00:01]} 52. Be5 {[%emt 0:00:52]} Ng4 {[%emt 0:02:12]} 53. Bd6 {[%emt 0:00:32]} Ke8 {[%emt 0:00:11]} 54. Kc5 {[%emt 0:01:46]} Kd7 {[%emt 0:00:19]} 55. Kb6 {[%emt 0:01:06]} Nf6 {[%emt 0:00:30]} 56. Ba3 {[%emt 0:00:05]} Ng4 {[%emt 0:00:40]} 57. Kxa6 {[%emt 0:00:41]} Nxh2 {[%emt 0:00:05]} 58. b4 {[%emt 0:00:12]} Nf3 {[%emt 0:02:02]} 59. b5 {[%emt 0:00:17]} g5 {[%emt 0:01:25]} 60. b6 {[%emt 0:00:06]} Nd4 {[%emt 0:00:16]} 61. b7 {[%emt 0:00:26]} Nc6 {[%emt 0:00:02]} 62. Kb6 {[%emt 0:00:04]} g4 {[%emt 0:00:11]} 63. e8=Q+ {[%emt 0:00:13]} 1-0

[Event "Winter Malopolska Cup Master 2022"]
[Site "Krakow"]
[Date "2022.01.17"]
[Round "5.2"]
[White "Golenia, Wojciech"]
[Black "Mirski, Michal"]
[Result "1/2-1/2"]
[WhiteElo "2059"]
[BlackElo "2039"]
[Annotator "ChessBase"]
[PlyCount "64"]
[EventDate "2022.01.15"]
[EventType "swiss"]
[EventCountry "POL"]
[TimeControl "5400+30"]

1. c4 {[%emt 0:16:54]} c5 {[%emt 0:00:20]} 2. Nc3 {[%emt 0:00:34]} Nc6 {[%emt 0:00:06]} 3. g3 {[%emt 0:00:21]} g6 {[%emt 0:00:06]} 4. Bg2 {[%emt 0:00:04]} Bg7 {[%emt 0:00:05]} 5. b3 {[%emt 0:03:27]} Nf6 {[%emt 0:01:33]} 6. Bb2 {[%emt 0:02:39]} O-O {[%emt 0:00:54]} 7. e3 {[%emt 0:01:45]} d6 {[%emt 0:05:42]} 8. Nge2 {[%emt 0:02:41]} Bg4 {[%emt 0:06:00]} 9. h3 {[%emt 0:03:28]} Bf5 {[%emt 0:08:38]} 10. d4 {[%emt 0:11:16]} Qc8 {[%emt 0:10:02]} 11. a3 {[%emt 0:11:49]} Rb8 {[%emt 0:04:51]} 12. d5 {[%emt 0:02:35]} Na5 {[%emt 0:07:32]} 13. g4 {[%emt 0:03:47]} Bd7 {[%emt 0:00:46]} 14. a4 {[%emt 0:01:50]} a6 {[%emt 0:01:25]} 15. g5 {[%emt 0:02:10]} Ne8 {[%emt 0:01:33]} 16. h4 {[%emt 0:00:52]} Qd8 {[%emt 0:14:12]} 17. Bh3 {[%emt 0:05:41]} Bxh3 {[%emt 0:05:47]} 18. Rxh3 {[%emt 0:00:08]} b5 {[%emt 0:00:43]} 19. axb5 {[%emt 0:00:23]} axb5 {[%emt 0:00:10]} 20. cxb5 {[%emt 0:00:31]} c4 {[%emt 0:07:23]} 21. b4 {[%emt 0:14:13]} Nb3 {[%emt 0:00:29]} 22. Ra6 {[%emt 0:01:07]} Rxb5 {[%emt 0:14:17]} 23. Nxb5 {[%emt 0:00:35]} Qc8 {[%emt 0:00:05]} 24. Bxg7 {[%emt 0:03:07]} Nxg7 {[%emt 0:00:28]} 25. Rc6 {[%emt 0:01:12]} Qxh3 {[%emt 0:00:05]} 26. Nf4 {[%emt 0:02:45]} Qh1+ {[%emt 0:06:11]} 27. Ke2 {[%emt 0:00:24]} Nc1+ {[%emt 0:01:39]} 28. Kd2 {[%emt 0:00:18]} Nb3+ {[%emt 0:01:02]} 29. Ke2 {[%emt 0:00:22]} Nc1+ {[%emt 0:00:44]} 30. Kd2 {[%emt 0:00:07]} Nb3+ {[%emt 0:00:05]} 31. Ke2 {[%emt 0:00:23]} Nc1+ {[%emt 0:00:09]} 32. Kd2 {[%emt 0:00:07]} Nb3+ 1/2-1/2